Zen art for meditation
The book is divided into fifteen chapters, each devoted to a central tenet of Zen Buddhism, which is then elaborated upon through the presentation of several Chinese or Japanese paintings and a number of haiku, all of which are masterfully related to the tenet through a simple prose explantion. The...
Salvato in:
| Autore principale: | |
|---|---|
| Natura: | Libro |
| Lingua: | Undetermined |
| Pubblicazione: |
Rutland
Charles E. tuttle Company
1973
|
| Soggetti: | |
| Tags: |
Aggiungi Tag
Nessun Tag, puoi essere il primo ad aggiungerne! !
|
| Thư viện lưu trữ: | Trung tâm Học liệu Trường Đại học Cần Thơ |
|---|
| LEADER | 00932nam a2200193Ia 4500 | ||
|---|---|---|---|
| 001 | CTU_108295 | ||
| 008 | 210402s9999 xx 000 0 und d | ||
| 082 | |a 759.951 | ||
| 082 | |b H749 | ||
| 100 | |a Holmes, Stewart W. | ||
| 245 | 0 | |a Zen art for meditation | |
| 245 | 0 | |c Stewart W. Holmes | |
| 260 | |a Rutland | ||
| 260 | |b Charles E. tuttle Company | ||
| 260 | |c 1973 | ||
| 520 | |a The book is divided into fifteen chapters, each devoted to a central tenet of Zen Buddhism, which is then elaborated upon through the presentation of several Chinese or Japanese paintings and a number of haiku, all of which are masterfully related to the tenet through a simple prose explantion. The tone is often light and playful, but the insights are profound, and the various parts of the book flow together flawlessly. | ||
| 650 | |a Sumie,Painting, zen,Haiku | ||
| 904 | |i Nguyên | ||
| 980 | |a Trung tâm Học liệu Trường Đại học Cần Thơ | ||